00290nam a2200097Ia 4500008004100000040002900041050002700070100001900097245002800116260004800144230222s9999||||xx |||||||||||||| ||und|| cChuka University Library aFAO TH 4911 bW58 1953 aWooley John C. 0aPlanning farm Buildings aMC Graw Hill - PublicationsbNew Yorkc1953